000 00923nas a2200313 4500
001 BR2012007454
003 BR-BrBNA
005 20231205121247.0
007 ta
008 230509b bl.|||p| |||| 00| 00por d
040 _aBR-BrBNA
_bpor
_cBiblioteca Nacional de Agricultura
041 _a(Pt)
072 _aF02
100 1 _aSouza, R.A.V. de
100 1 _aBraga, F.T.
100 1 _aAzevedo, P.H. de
100 1 _aFerreira, J.L.
100 1 _aCançado, G.M. de A.
245 1 _aEfeito da luz na germinação in vitro de embriões zigóticos de genótipos de oliveira
650 _aAZEITONA
650 _aGERMINAÇÃO
650 _aCULTURA IN VITRO
650 _aLUZ
650 _aGENÓTIPO
650 _aREPRODUÇÃO SEXUADA
773 0 _tRevista Ceres (Brazil)
_xISSN 0034-737X
_g(May-Jun 2012), v. 59(3) p. 299-304
_wBR2012007454
909 _a202311
_bLúcia
_c55
_dLúcia Elande
942 _2AGRIS
_n0
_cANA
999 _c222613
_d222613